[Event "Stockholm op"]
[Site "Stockholm"]
[Date "2014.05.28"]
[Round "2"]
[White "Larsson, Christer"]
[Black "Revelj, Isak"]
[Result "0-1"]
[WhiteElo "1636"]
[BlackElo "1836"]
[PlyCount "104"]
[EventDate "2014.05.28"]
[EventType "swiss"]
[EventRounds "9"]
[EventCountry "SWE"]
[SourceTitle "CBM 160 Extra"]
[Source "ChessBase"]
[SourceDate "2014.07.01"]
[SourceVersion "1"]
[SourceVersionDate "2014.07.01"]
[SourceQuality "1"]

1. f4 d5 2. Nf3 g6 3. d4 Bg7 4. e3 Nf6 5. Bd3 0-0 6. Nbd2 Nbd7 7. 0-0 c5 8. c3 cxd4 9. exd4 Qc7 10. Ne5 Nxe5 11. fxe5 Ng4 12. Rf3 f6 13. h3 Nh6 14. exf6 exf6 15. Nf1 Nf5 16. Bxf5 Bxf5 17. Ng3 Be4 18. Nxe4 dxe4 19. Rf2 f5 20. Bf4 Qd8 21. Qd2 Bf6 22. Raf1 g5 23. Bh2 f4 24. Bxf4 gxf4 25. Qxf4 Bg5 26. Qxe4 Qe7 27. Rxf8+ Rxf8 28. Qxe7 Bxe7 29. Rxf8+ Kxf8 30. Kf1 Kf7 31. b3 Ke6 32. c4 Kf5 33. Ke2 Kf4 34. d5 Kg3 35. Kf1 Bc5 36. a4 a5 37. Ke2 Kxg2 38. h4 Kg3 39. h5 Kg4 40. h6 Kg5 41. Kf3 Kxh6 42. Kg4 Kg6 43. Kh4 h5 44. Kh3 Kg5 45. Kg3 h4+ 46. Kh3 b6 47. Kh2 Kg4 48. Kg2 Bd6 49. Kg1 h3 50. Kh1 Kf3 51. Kg1 h2+ 52. Kh1 Kg3 0-1